Datum a čas kvízu
41.5
Celkem bodů
Celkový počet nahraných bodů na tomto kvízu bez doplňovacích otázek.
3.
Pořadí na kvízu
Konečné umístění týmu na tomto kvízu.
Zaznamenané odpovědi
| # | Otázka | Odpověď | Body | Výsledky |
|---|---|---|---|---|
| 1. | „Už mě nebaví se neustále díva... | Štěpán Kozub | 1 | |
| 2. | Ve čtvrtek obletěla svět zpráv... | měl narozeniny | 1 | |
| 3. | Malý makak jménem Punch, který... | plyšáka | 1 | |
| 4. | Designér Nik Bentel vytvořil v... | nákupní košík (vozík) | 1 | |
| 5. | Italskému akrobatickému piloto... | z vlaku | 0 | |
| 6. | Zimní olympiádu v Itálii máme... | Alberto Tomba | 1 | |
| 7. | Vyberte nepravdivé tvrzení o t... | A | 1 | |
| 8. | Ačkoliv vyhrála zlato a stanov... | rychlobruslení | 1 | |
| 9. | Seřaďte české olympioniky podl... | 1B 2A 3D 4C | 1 | |
| 10. | Do ženské kvalifikace týmového... | Nazgul | 0 |